000 00498nam a2200169 i 4500
001 52482
003 ES-MaACL
005 20230906162605.0
007 t|
008 030829s1980 sp ||||1| spa d
100 1 _aChejne, Anwar G.
_938314
245 1 0 _aHistoria de España musulmana /
_cAnwar G. Chejne ; [traducción de Pilar Vila].
260 _aMadrid :
_bCátedra,
_c[1980]
300 _a432 p. :
_bil. ;
_c24 cm.
700 1 _aVila, Pilar.
_9114701
852 _aES-MaACL
_jC-37690
_bR.100207
999 _c52482
_d52482